Vybrané aspekty vernostných systémov

Vernostný systém ako významný nástroj podpory predaja. Podstata vernostného systému. Adepti vernostného systému: skokani, králi, bežci, väzni. Vybrané druhy vernostných systémov: bodový systém bez registrácie, záväzok k odberu, bodový systém s registráciou, rabat za výšku dosiahnutého obratu.

Salvato in:
Dettagli Bibliografici
Autore principale: Novysedlák, Martin, 1991-
Altri autori: Dorčák, Peter, 1979-
Natura: Capitolo di libro
Lingua:slovacco
Soggetti:
Tags: Aggiungi Tag
Nessun Tag, puoi essere il primo ad aggiungerne!!

MARC

LEADER 00000naa$a2200000$$$4500
001 0261481
005 20240502074146.9
041 0 |a slo 
044 |a SK 
245 1 0 |a Vybrané aspekty vernostných systémov  |c Martin Novysedlák, Peter Dorčák 
520 |a Vernostný systém ako významný nástroj podpory predaja. Podstata vernostného systému. Adepti vernostného systému: skokani, králi, bežci, väzni. Vybrané druhy vernostných systémov: bodový systém bez registrácie, záväzok k odberu, bodový systém s registráciou, rabat za výšku dosiahnutého obratu. 
610 2 0 |a obchod 
610 2 0 |a predaj 
610 2 0 |a zákazníci 
610 2 0 |a programy vernostné 
610 2 0 |a marketing 
610 2 0 |a nástroje marketingové 
610 2 0 |a spokojnosť zákazníkov 
610 2 0 |a lojálnosť zákazníkov 
100 1 |a Novysedlák, Martin, 1991- 
700 1 |a Dorčák, Peter, 1979-